Gaming Quiz

Random Gaming or Video Games Quiz

Playstation 3 Trophies - Part 3 Quiz Stats

 Plays Quiz not verified by Sporcle

Score 0/24 Timer 06:00
0 Plays Today
% Correct
Grand Theft Auto V
87.9%
Alien: Isolation
80.3%
inFamous 2
78.8%
LEGO The Lord of the Rings
77.3%
MLB 11: The Show
77.3%
LEGO Jurassic World
75.8%
Jeopardy!
75.8%
Gran Turismo 6
69.7%
Resident Evil 6
68.2%
Bioshock
66.7%
WWE 2K15
65.2%
FIFA 2013
63.6%
% Correct
MotoGP 14
62.1%
Dead Space: Extraction
60.6%
Rock Band 2
60.6%
Mafia II
53%
Dark Souls
48.5%
Dragon Age: Origins
48.5%
NCAA Football 13
48.5%
Asura's Wrath
40.9%
No More Heroes: Heroes Paradise
40.9%
Call of Duty: Black Ops II
31.8%
Battlefield: Hardline
27.3%
Super Street Fighter IV
24.2%

You're not logged in!

Compare scores with friends on all Sporcle quizzes.
OR
Log In

Show Comments

Extras

Top Quizzes Today


Score Distribution

Your Account Isn't Verified!

In order to create a playlist on Sporcle, you need to verify the email address you used during registration. Go to your Sporcle Settings to finish the process.

Report this User

Report this user for behavior that violates our Community Guidelines.

Details: